Normale Ansicht MARC-Ansicht ISBD

Die sowjetische Polenpolitik Anfang der 1980er Jahre und die Verhängung des Kriegsrechts in der Volksrepublik Polen : (Titelsatznr. 23818)

[ MARC ]
MARC-Details
000 -Satzkennung
Kontrollfeld mit fester Länge 00921nam a22003011c 4500
001 - Kontrollnummer
Kontrollfeld ht016402355
008 - Feld mit fester Länge zur physischen Beschreibung - Allgemeine Angaben
Kontrollfeld mit fester Länge 111118s2010 gw |||| 000u ger d
020 ## - Internationale Standardbuchnummer
Internationale Standardbuchnummer 9783643107
Verknüpfung 978-3-643-107
041 ## - Sprachcode
Sprachcode des Textes/der Tonspur oder des separaten Titels ger
040 ## - Katalogisierungsquelle
Übertragungsstelle RU-10907106
003 - Kontrollnummer Identifier
Kontrollfeld RU-10907106
100 1# - Haupteintragung - Personenname
Personenname Hey, Patrizia
245 04 - Titel
Titel Die sowjetische Polenpolitik Anfang der 1980er Jahre und die Verhängung des Kriegsrechts in der Volksrepublik Polen :
Zusatz zum Titel tatsächliche sowjetische Bedrohung oder erfolgreicher Bluff?
264 ## - Produktion, Veröffentlichung, Distribution, Herstellung und Urheberrechtsvermerk
Herstellungs-, Veröffentlichungs- Vertriebs-, Erzeugungsort Berlin [u.a.] :
Produzent, Herausgeber, Distributor, Hersteller LIT,
Datum der Herstellung, der Veröffentlichung, des Vertriebs oder des Urheberschutzvermerks 2010
300 ## - Physische Beschreibung
Umfang 527 S.
490 #0 - Gesamttitelangabe
Gesamttitelangabe Studien zu Konflikt und Kooperation im Osten
Bandnummer/Folgebezeichnung 19
502 ## - Dissertationsvermerk
Dissertationsvermerk Zugl.: Mannheim, Univ., Diss., 2010
600 #0 - Nebeneintragung unter einem Schlagwort - Personenname
Personenname Jaruzelski, Wojciech
648 #0 - Nebeneintragung unter einem Schlagwort - Zeitschlagwort
Zeitschlagwort 1980-1981
650 #0 - Nebeneintragung unter einem Schlagwort - Sachschlagwort
Sachschlagwort oder geografischer Name als Eintragungselement Kalter Krieg
650 #0 - Nebeneintragung unter einem Schlagwort - Sachschlagwort
Sachschlagwort oder geografischer Name als Eintragungselement Ostblock
650 #0 - Nebeneintragung unter einem Schlagwort - Sachschlagwort
Sachschlagwort oder geografischer Name als Eintragungselement Warschauer Pakt
650 #0 - Nebeneintragung unter einem Schlagwort - Sachschlagwort
Sachschlagwort oder geografischer Name als Eintragungselement
651 #0 - Nebeneintragung unter einem Schlagwort - Geografischer Name
Geografischer Name Polen
651 #0 - Nebeneintragung unter einem Schlagwort - Geografischer Name
Geografischer Name Danzig
655 #0 - Indexierungsterm - Genre/Form
Genre/Form oder fokussierter Term Hochschulschrift
942 ## - Zusätzliche Felder (Koha)
Koha-Medientyp Monographien
Exemplare
Ausgeschieden Verloren Klassifikation oder Aufstellungssystematik Beschädigt Nicht entleihbar Heimatbibliothek Aufenthaltsbibliothek Aufstellungsort Erwerbungsdatum Inventarnummer Signatur Barcode Letzte Aktivität Preis gültig von Koha-Medientyp
    Andere/Generische Klassifikation     MWN Osteuropa MWN Osteuropa Magazin - 2 18/11/2011 12-02092 R 65 c Hey E0040150790EB894 23/02/2021 22/03/2021 Monographien